| LEADER | 01128nam a2200217 4500 | ||
|---|---|---|---|
| 082 | |a 807 |b Đ450K | ||
| 100 | |a Đỗ Kim Hảo | ||
| 245 | |a Bồi dưỡng Ngữ văn 11 |c Đỗ Kim Hảo, Trần Hà Nam | ||
| 260 | |a H. |b Đại học sư phạm |c 2007 | ||
| 300 | |a 327 tr. |c 24 cm. | ||
| 520 | |a v.v... | ||
| 653 | |a Văn học | ||
| 653 | |a Ngữ văn | ||
| 653 | |a Lớp 11 | ||
| 653 | |a Bồi dưỡng | ||
| 942 | |2 ddc |c STK0 | ||
| 999 | |c 9013 |d 9013 | ||
| 952 | |0 0 |1 0 |2 ddc |4 0 |6 807_000000000000000_Đ450K |7 0 |8 800 |9 73833 |a qbu |b qbu |c D5 |d 2015-05-04 |g 35000 |l 1 |m 1 |o 807 Đ450K |p 8402.c1 |r 2017-09-21 |s 2017-08-29 |w 2015-05-04 |y STK0 | ||
| 952 | |0 0 |1 0 |2 ddc |4 0 |6 807_000000000000000_Đ450K |7 0 |8 800 |9 73834 |a qbu |b qbu |c D5 |d 2015-05-04 |g 35000 |l 3 |m 1 |o 807 Đ450K |p 8402.c2 |r 2018-09-25 |s 2018-09-05 |w 2015-05-04 |y STK0 | ||
| 952 | |0 0 |1 0 |2 ddc |4 0 |6 807_000000000000000_Đ450K |7 0 |8 800 |9 97749 |a qbu |b qbu |c D5 |d 2015-11-05 |g 35000 |l 2 |m 2 |o 807 Đ450K |p 8402.c3 |r 2017-03-15 |s 2017-03-01 |w 2015-11-05 |y STK0 | ||
| 952 | |0 0 |1 0 |2 ddc |4 0 |6 807_000000000000000_Đ450K |7 0 |8 800 |9 97750 |a qbu |b qbu |c D5 |d 2015-11-05 |g 35000 |l 1 |m 1 |o 807 Đ450K |p 8402.c4 |r 2016-12-05 |s 2016-11-21 |w 2015-11-05 |y STK0 | ||